| 000 | 01268nam a2200241 i 4500 | ||
|---|---|---|---|
| 001 | bg | ||
| 245 | 0 | 0 |
_aIzolacja wysokonapięciowa w elektroenergetyce IWE '94 : _bIV Ogólnopolska konferencja naukowo-techniczna, Dzierżno 23-24 czerwca 1994. |
| 246 | 1 | 1 | _aHigh voltage insulation for electrical power engineering |
| 260 |
_aWrocław : _bOficyna Wydawnicza PW, _c1994. |
||
| 300 |
_a162 s. : _b3 fot., rys., wykr. ; _c24 cm. |
||
| 490 | 1 |
_aPrace Naukowe Instytutu Podstaw Elektrotechniki i Elektrotechnologii Politechniki Wrocławskiej. Konferencje = _aScientific Papers of the Institute of Electrical Engineering Fundamentals of Technical University of Wrocław. Conferences, _x0324-9441 ; _v7 |
|
| 500 | _aTyt. równol. : High voltage insulation for electrical power engineering. | ||
| 500 | _aNumeracja ser. gł. : 28. | ||
| 504 | _aBibliogr., summ. przy ref. | ||
| 650 | 9 |
_aElektroenergetyka _xzagadnienia _xmateriały konferencyjne |
|
| 650 | 9 |
_aIzolacje elektryczne _xmateriały konferencyjne |
|
| 830 | 0 |
_aPrace Naukowe Instytutu Podstaw Elektrotechniki i Elektrotechnologii Politechniki Wrocławskiej. _pKonferencje ; _v7 |
|
| 040 | _cBPK | ||
| 041 | 0 |
_apl _ben |
|
| 080 | _a621.315.6(061.3) | ||
| 942 | _cKS | ||
| 008 | s pl f |000 0 pol | ||
| 999 |
_c30537 _d30537 |
||